Wszystkie szczyty górskie Wisły - Statystyki

Ogólne statystyki
  • Ten quiz został rozwiązany 10 razy
  • Średni wynik to 12 z 48
Statystyki odpowiedzi
Wysokosć Szczyt % Poprawnych
1220 Barania Góra
88%
978 Stożek
75%
995 Czantoria
63%
989 Kiczory
63%
830 Kubalonka
63%
1115 Malinów
63%
1152 Malinowska skała
63%
728 Skolnity
50%
886 Soszów
50%
810 Trzy kopce Wiślańskie
50%
921 Cieślar
38%
882 Czupel
38%
670~ Czupel
38%
802 Kobyla
38%
1029 Przysłop
38%
1154 Zielony Kopiec
38%
713 Bukowa
25%
720 Cieńków Niżni
25%
957 Cieńków Wyżni
25%
1076 Gawlasi
25%
775 Kozińce
25%
1140 Magurka Wiślańska
25%
853 Smrekowiec
25%
763 Soszów mały
25%
837 Stożek mały
25%
803 Szarcula
25%
824 Beskid
13%
865 Cieńków Postrzedni
13%
572 Czajka
13%
711 Grapa
13%
802 Jaworzyna
13%
791 Kamienny
13%
977 Kyrkawica
13%
638 Obłaziec
13%
1007 Przypór
13%
1192 Wierch Wisełka
13%
796 Beskidek
0%
700 Cyrhla
0%
948 Czarny / Kozie Wierchy
0%
823 Głębiec
0%
812 Gościejów
0%
779 Józefula
0%
931 Karolówka
0%
641 Krzywy
0%
811 Mrózków
0%
566 Tokarnia
0%
1160 Wierch Równiański
0%
728 Zadni Groń
0%
Nie znaleziono quizów pasujących do podanych kryteriów
Rozkład punktacji
Procent ludzi z każdym wynikiem
Percentyl według liczby udzielonych odpowiedzi
Twoja historia wyników
Nie rozwiązałeś tego quizu